18福井県の市町村 - Statistics

General Stats
  • This quiz has been taken 96 times
    92 since last reset
  • The average score is 10 of 17
Answer Stats
Answer % Correct
福井市
100%
敦賀市
96%
越前市
94%
小浜市
86%
鯖江市
86%
大野市
84%
あわら市
84%
坂井市
82%
勝山市
75%
大飯郡おおい町
37%
吉田郡永平寺町
31%
大飯郡高浜町
29%
南条郡南越前町
27%
丹生郡越前町
27%
三方郡美浜町
27%
三方上中郡若狭町
25%
今立郡池田町
24%
No matching quizzes found
Score Distribution
Percent of People with Each Score
Percentile by Number Answered
Your Score History
You have not taken this quiz since the last reset